مجموع رسائل الإمام الهادي إلى الحق القويم يحيى بن الحسين بن القاسم بن إبراهيم عليهم السلام / (رقم التسجيلة. 44160)

تفاصيل مارك
000 -LEADER
fixed length control field 00779nam a22002057a 4500
005 - DATE AND TIME OF LATEST TRANSACTION
control field 20251108170603.0
008 - FIXED-LENGTH DATA ELEMENTS--GENERAL INFORMATION
fixed length control field 250721s2001 xx 000 0 ara d
082 14 - DEWEY DECIMAL CLASSIFICATION NUMBER
Classification number م/214.6/إبر
100 1# - MAIN ENTRY--PERSONAL NAME
Personal name بن إبراهيم، يحيى بن الحسين بن القاسم
245 10 - TITLE STATEMENT
Title مجموع رسائل الإمام الهادي إلى الحق القويم يحيى بن الحسين بن القاسم بن إبراهيم عليهم السلام /
246 13 - VARYING FORM OF TITLE
Title proper/short title الرسائي الأصولية
264 ## - PRODUCTION, PUBLICATION, DISTRIBUTION, MANUFACTURE, AND COPYRIGHT NOTICE
Name of producer, publisher, distributor, manufacturer مؤسسة الإمام زيد،
Date of production, publication, distribution, manufacture, or copyright notice 2001.
300 ## - PHYSICAL DESCRIPTION
Extent 807ص
650 17 - SUBJECT ADDED ENTRY--TOPICAL TERM
Topical term or geographic name as entry element أصول الفقه
650 17 - SUBJECT ADDED ENTRY--TOPICAL TERM
Topical term or geographic name as entry element الإيمان
650 17 - SUBJECT ADDED ENTRY--TOPICAL TERM
Topical term or geographic name as entry element الكفر
700 1# - ADDED ENTRY--PERSONAL NAME
Personal name الشاذلي، عبد الله بن محمد
Relator term تحقيق
942 ## - ADDED ENTRY ELEMENTS (KOHA)
Source of classification or shelving scheme Dewey Decimal Classification
Koha item type مراجع
المقتنيات
حالة السحب حالة الفقدان مصدر التصنيف حالة التلف غير قابل للإعارة المكتبة الرئيسية المكتبة الحالية موقع الرف تاريخ التزويد الرقم المتسلسل Total Checkouts رقم الإستدعاء الباركود تاريخ آخر ظهور تاريخ الفاتورة نوع المادة (كوها)
    Dewey Decimal Classification   Not For Loan المكتبة المركزية المكتبة المركزية مراجع 28/07/2025 494757   م/214.6/إبر   28/07/2025 28/07/2025 مراجع
    Dewey Decimal Classification   Not For Loan مكتبة أبو علندا العامة مكتبة أبو علندا العامة مراجع 10/11/2015 494769   م/214.6/إبر PLD00363270 28/07/2025 10/11/2015 مراجع
    Dewey Decimal Classification   Not For Loan مكتبة أم قصير والمقابلين العامة مكتبة أم قصير والمقابلين العامة مراجع 10/11/2014 494768   م/214.6/إبر PLD00360963 28/07/2025 10/11/2014 مراجع
    Dewey Decimal Classification   Not For Loan مكتبة الأميرة ايمان العامة مكتبة الأميرة ايمان العامة مراجع 07/12/2013 494760   م/214.6/إبر PLD00289762 28/07/2025 07/12/2013 مراجع
    Dewey Decimal Classification   Not For Loan مكتبة الجويدة مكتبة الجويدة مراجع 21/06/2015 494764   م/214.6/إبر PLD00332881 28/07/2025 21/06/2015 مراجع
    Dewey Decimal Classification   Not For Loan مكتبة حمزة العامة مكتبة حمزة العامة مراجع 06/07/2004 494766   م/214.6/إبر 494766 28/07/2025 06/07/2004 مراجع
    Dewey Decimal Classification   Not For Loan مكتبة صويلح العامة مكتبة صويلح العامة مراجع 19/09/2019 494761   م/214.6/إبر PLD00468287 28/07/2025 19/09/2019 مراجع
Implemented & Customized by: BBB with SCIT (Smart Chains for Information Technology)

Powered by Koha